000 00440nam a2200169 4500
003 SEACOMMC
005 20250430144433.0
008 250114b |||||||| |||| 00| 0 eng d
020 _a978-81-3090-436-8
_cRs.695.00
040 _aSEACOMMC
082 _a302
_bK 96
100 _a Kumar, Krishna
245 1 _aPromoting Independent Media
_cKrishna Kumar
260 _a Kolkata
_b Viva-Books
_c 2006
650 _a Mass Media
942 _cBOOK
999 _c1004
_d1004